Názory verejnosti na migrantov a ich integráciu v SR, V. ako vnímajú občania imigrantov

Prezentácia výsledkov vlastného výskumu verejnej mienky názorov migrantov na ich integráciu v Slovenskej republike.

Guardado en:
Detalles Bibliográficos
Autor principal: Luha, Ján
Otros Autores: Berová, Lenka, Žáková, Martina
Formato: Capítulo de libro
Lenguaje:eslovaco
Materias:
Etiquetas: Agregar Etiqueta
Sin Etiquetas, Sea el primero en etiquetar este registro!

MARC

LEADER 00000naa a2200000 4500
001 0168747
005 20220315122813.3
041 0 |a slo 
044 |a SK 
245 1 0 |a Názory verejnosti na migrantov a ich integráciu v SR, V. ako vnímajú občania imigrantov  |c Ján Luha, Lenka Berová, Martina Žáková 
520 |a Prezentácia výsledkov vlastného výskumu verejnej mienky názorov migrantov na ich integráciu v Slovenskej republike. 
610 2 0 |a mienka verejná 
610 2 0 |a Slovensko 
610 2 0 |a integrácia 
610 2 0 |a migrácia 
610 2 0 |a imigrácia 
100 1 |a Luha, Ján 
700 1 |a Berová, Lenka 
700 1 |a Žáková, Martina